[Event "Europe Echecs online op April"]
[Site "Europe Echecs INT"]
[Date "2020.04.11"]
[Round "9"]
[White "Fines, Adrien"]
[Black "Monnier, Laurent"]
[Result "1-0"]
[WhiteElo "1758"]
[BlackElo "1624"]
[PlyCount "59"]
[EventDate "2020.04.11"]
[EventType "swiss (blitz)"]
[EventRounds "11"]
[EventCountry "FRA"]
[SourceTitle "EXT 2021"]
[Source "ChessBase"]
[SourceDate "2020.10.23"]
[SourceVersion "1"]
[SourceVersionDate "2020.10.23"]
[SourceQuality "1"]

1. c4 Nf6 2. g3 d5 3. cxd5 Nxd5 4. Bg2 c6 5. Nc3 Nxc3 6. bxc3 Bd7 7. Nf3 Qc7 8. d4 f6 9. Bf4 Qd8 10. 0-0 Bg4 11. h3 Bxf3 12. Bxf3 Nd7 13. Rb1 Qc8 14. Qb3 Nb6 15. Bg4 e6 16. Bxe6 Qd8 17. a4 Bd6 18. a5 Bxf4 19. gxf4 Nd5 20. Qxb7 Ne7 21. Bd7+ Kf7 22. Bxc6 g6 23. Qxa8 Nxc6 24. Qxc6 Kg7 25. Rb7+ Kh6 26. f5 gxf5 27. Rd7 Rg8+ 28. Kh1 Qe8 29. Qxf6+ Rg6 30. Qh4# 1-0

[Event "Paris Universities-ch"]
[Site "Paris"]
[Date "2019.02.03"]
[Round "7"]
[White "Fines, Adrien"]
[Black "Toure, Vasanth"]
[Result "0-1"]
[WhiteElo "1756"]
[BlackElo "2064"]
[PlyCount "83"]
[EventDate "2019.02.01"]
[EventType "swiss"]
[EventRounds "9"]
[EventCountry "FRA"]
[SourceTitle "CBM 188 Extra"]
[Source "ChessBase"]
[SourceDate "2019.02.26"]
[SourceVersion "1"]
[SourceVersionDate "2019.02.26"]
[SourceQuality "1"]

1. c4 Nf6 2. g3 e6 3. Bg2 d5 4. Nf3 Be7 5. 0-0 0-0 6. b3 c6 7. Bb2 Re8 8. d3 Nbd7 9. Nbd2 b5 10. e4 bxc4 11. bxc4 Nc5 12. e5 Nfd7 13. d4 Nd3 14. Bc3 Ba6 15. Qa4 Qc8 16. Rfd1 Nb6 17. Qa5 c5 18. cxd5 Nxd5 19. Ne4 cxd4 20. Bxd4 Bb4 21. Qa4 Nb6 22. Bxb6 axb6 23. Rxd3 Bxd3 24. Qxb4 Bxe4 25. Qxe4 Qc3 26. Rb1 Rxa2 27. Ng5 h6 28. Qh7+ Kf8 29. Nf3 Qc2 30. Qxc2 Rxc2 31. Rxb6 Rd8 32. Bf1 g5 33. h3 Rc3 34. Kg2 Rd5 35. Rb8+ Kg7 36. Rb7 Kg6 37. g4 Rd1 38. Rb2 Rxf1 39. Kxf1 Rxf3 40. Kg2 Rd3 41. f3 h5 42. Re2 0-1